Losowe hiszpańskie słowa #1 - Statystyki

Ogólne statystyki
  • Ten quiz został rozwiązany 1 892 razy
    1 832 od ostatniego zresetowania
  • Średni wynik to 13 z 24
Statystyki odpowiedzi
Hiszpański Polski % Poprawnych
agua woda
88%
noche noc
81%
amigo przyjaciel
80%
rojo czerwony
76%
playa plaża
74%
gracias dzięki
73%
perro pies
65%
adiós cześć
64%
fiesta impreza
64%
ocho osiem
62%
mucho bardzo
61%
dinero pieniądze
56%
toro byk
55%
niña dziewczyna
54%
trabajar praca
51%
feliz szczęśliwy
49%
jefe szef
42%
tio wujek
42%
zapato but
37%
oro złoto
35%
también również
33%
tarde późno
26%
barrio dzielnica
21%
burro osioł
17%
Nie znaleziono quizów pasujących do podanych kryteriów
Rozkład punktacji
Procent ludzi z każdym wynikiem
Percentyl według liczby udzielonych odpowiedzi
Twoja historia wyników
Nie rozwiązałeś tego quizu od ostatniego zresetowania